000 00353nam a2200133Ia 4500
005 20260328104337.0
008 260328s9999||||xx |||||||||||||| ||und||
100 _aRamón, Carmen
245 0 _aEl Viaje :
_b Documento del Taller de Diseño Urbano en Italia /
_cCarmen Ramón
260 _bUSFQ
300 _a201 p.
650 _aURBANISMO
942 _cBK
999 _c11968
_d11968